00430nam a22001457a 450000500170000001000140001702000250003103500130005603700130006908200120008224500370009426001010013127000300023230000220026220100809163210.0 aENG-99104 a9788172085971c25.00 aEN-82636 bDBAD/PUB a181.498 aSamasta lokah sukhino bhavantu / aAndhra PradadeshbThe Convener,Sri Sathya Sai Books & Publications Trust Prasanthi Nilayamc2008 bPrasanthi Nilayame515134 a130p.c20cm (pbk)